000 00257 a2200121 4500
000 nam a22 7a 4500
100 _akerr
110 _akerr
245 _aIntroduction To Biology
260 _bcell pub
_c2026
264 _bcell pub
_c2026
942 _cBK
999 _c394896
_d394896